| 000 | 01284nam1a2200349 i 4500 | ||
|---|---|---|---|
| 001 | RU\NLR\BIBL_A\012551956 | ||
| 005 | 20260406044342.0 | ||
| 010 |
_a9785389191532 _bкомплект |
||
| 035 | _a(NLR Aleph) 012551956 | ||
| 090 |
_a12432884 _c12432884 |
||
| 100 | _a20210624g20219999em y0rusy50 ca | ||
| 101 | 1 |
_arus _cfre |
|
| 102 |
_aRU _aUA |
||
| 105 | _a z | ||
| 181 | 0 |
_ai _baxxe |
|
| 182 | 0 | _an | |
| 200 | 1 |
_aВторой пол _fСимона де Бовуар _g[перевод с французского Анны Сабашниковой] |
|
| 203 |
_aТекст _bвизуальный _cнепосредственный |
||
| 210 |
_aСанкт-Петербург [и др.] _cАзбука [и др.] _d2021 |
||
| 215 | _d18 | ||
| 225 | 1 | _aАзбука-классика | |
| 225 | 1 | _aNon Fiction | |
| 333 | _a18+ | ||
| 606 |
_aЖенский вопрос _xСоциально-философские вопросы _92204549 _3RU\NLR\AUTH\661324573 |
||
| 686 | 1 | _aС550.535 | |
| 686 | 1 | _aЮ3(4Фр)6-63 | |
| 686 | 1 | _aШ6(4Фр)67-440.4{Лх1649-50} | |
| 700 | 1 |
_7ca _8rus _aБовуар _bС. де _f1908-1986 _gСимона де _3RU\NLR\AUTH\774234 _9114216 |
|
| 852 |
_aNLR _j2021-3/14514 |
||
| 942 | _cBOOK | ||